Statistics for business : (Record no. 8556)

MARC details
000 -LEADER
fixed length control field 01051cam a2200313 a 4500
001 - CONTROL NUMBER
control field 15725790
003 - CONTROL NUMBER IDENTIFIER
control field 20170428114506.0
005 - DATE AND TIME OF LATEST TRANSACTION
control field 20240606081058.0
007 - PHYSICAL DESCRIPTION FIXED FIELD--GENERAL INFORMATION
fixed length control field co |g|||||||||
008 - FIXED-LENGTH DATA ELEMENTS--GENERAL INFORMATION
fixed length control field 090505s2011 maua 001 0 eng
010 ## - LIBRARY OF CONGRESS CONTROL NUMBER
LC control number 2009018725
020 ## - INTERNATIONAL STANDARD BOOK NUMBER
International Standard Book Number 0321123913
020 ## - INTERNATIONAL STANDARD BOOK NUMBER
International Standard Book Number 9780321123916
035 ## - SYSTEM CONTROL NUMBER
System control number (OCoLC)ocn320621731
040 ## - CATALOGING SOURCE
Original cataloging agency DLC
Transcribing agency DLC
Modifying agency YDX
-- YDXCP
-- DLC
050 00 - LIBRARY OF CONGRESS CALL NUMBER
Classification number HF1017
Item number .S74 2011
082 00 - DEWEY DECIMAL CLASSIFICATION NUMBER
Classification number 519.5024/65
Edition information 22
100 1# - MAIN ENTRY--PERSONAL NAME
Personal name Stine, Robert A.
245 10 - TITLE STATEMENT
Title Statistics for business :
Remainder of title decision making and analysis /
260 ## - PUBLICATION, DISTRIBUTION, ETC.
Place of publication, distribution, etc. Boston :
Name of publisher, distributor, etc. Addison-Wesley,
Date of publication, distribution, etc. c2011.
300 ## - PHYSICAL DESCRIPTION
Extent xxiv, 751, [51] p. :
Other physical details ill. (some col.) ;
Dimensions 29 cm. +
Accompanying material 1 CD-ROM (4 3/4 in.)
500 ## - GENERAL NOTE
General note Includes indexes.
650 #0 - SUBJECT ADDED ENTRY--TOPICAL TERM
Topical term or geographic name entry element Commercial statistics.
650 #0 - SUBJECT ADDED ENTRY--TOPICAL TERM
Topical term or geographic name entry element Statistics.
700 1# - ADDED ENTRY--PERSONAL NAME
Personal name Foster, Dean P.
906 ## - LOCAL DATA ELEMENT F, LDF (RLIN)
a 7
b cbc
c orignew
d 1
e ecip
f 20
g y-gencatlg
942 ## - ADDED ENTRY ELEMENTS (KOHA)
Source of classification or shelving scheme Library of Congress Classification
Koha item type Books
Holdings
Withdrawn status Lost status Source of classification or shelving scheme Damaged status Not for loan Home library Current library Date acquired Total checkouts Full call number Barcode Date last seen Price effective from Koha item type
    Library of Congress Classification     Murang'a University of Technology Library Murang'a University of Technology Library 28/04/2017   HF1017 .S74 2011 008942 30/08/2024 28/04/2017 Books